000 00663nam a2200289Ia 4500
005 20260324125644.0
008 008 260324s9999 xx 000 0 eng d
020 _a9780429240416
037 _aEBOOK
040 _aCRL
040 _beng
040 _cCRL
041 _2eng
041 _aeng
084 _qCRL
100 _aØystein Tunsjø
_91178802
245 0 _aUS Taiwan Policy
245 0 _bConstructing the Triangle
260 _bTaylor and Francis
260 _c2008
365 _a
365 _b240
856 _uhttp://www.taylorfrancis.com/books/9780429240416
942 _cEBOOK
999 _c1774271
_d1774271